[Event "Titled Tuesday intern op 02nd Apr Late"]
[Site "Chess.com INT"]
[Date "2024.04.02"]
[Round "1"]
[White "Stillger, Bernhard"]
[Black "Matinian, Nikita"]
[Result "0-1"]
[WhiteElo "2256"]
[BlackElo "2392"]
[PlyCount "112"]
[EventDate "2024.04.02"]
[EventType "swiss (blitz)"]
[EventRounds "11"]
[EventCountry "USA"]
[SourceTitle "CB15_2024"]
[SourceDate "2024.04.10"]
[SourceVersion "1"]
[SourceVersionDate "2024.04.10"]
[SourceQuality "1"]

1. Nf3 Nf6 2. g3 g6 3. b3 Bg7 4. Bb2 c5 5. c4 d6 6. Bg2 e5 7. Nc3 Nc6 8. 0-0 0-0 9. d3 Bg4 10. Ne1 Qd7 11. Nc2 h5 12. Ne3 Bh3 13. Ncd5 Rae8 14. Nxf6+ Bxf6 15. Nd5 Bg7 16. e4 h4 17. f3 hxg3 18. hxg3 f6 19. Qd2 Kf7 20. Bxh3 Qxh3 21. Qg2 Rh8 22. Qxh3 Rxh3 23. Kg2 Reh8 24. Rh1 Rxh1 25. Rxh1 Rxh1 26. Kxh1 f5 27. Kg2 Bh6 28. Kf2 a6 29. Bc3 b5 30. cxb5 axb5 31. a4 b4 32. Bb2 Na5 33. Nb6 Nxb3 34. Nc4 Ke6 35. a5 Kd7 36. exf5 gxf5 37. g4 fxg4 38. fxg4 Nd2 39. a6 Nxc4 40. dxc4 Kc7 41. Kf3 Kb6 42. Ke4 Kxa6 43. Kf5 Kb7 44. g5 Bxg5 45. Kxg5 Kc6 46. Kf5 d5 47. Kxe5 dxc4 48. Ke4 Kb5 49. Be5 Ka4 50. Kd5 c3 51. Kxc5 c2 52. Bb2 Kb3 53. Bc1 Kc3 54. Bg5 b3 55. Bf6+ Kd2 56. Bg5+ Kd1 0-1

[Event "Ufa Startsev Memorial Rapid"]
[Site "Ufa"]
[Date "2024.02.05"]
[Round "10"]
[White "Matinian, Nikita"]
[Black "Khripachenko, Alexander"]
[Result "1-0"]
[WhiteElo "2418"]
[BlackElo "2258"]
[PlyCount "95"]
[EventDate "2024.02.04"]
[EventType "swiss (rapid)"]
[EventRounds "11"]
[EventCountry "RUS"]
[SourceTitle "CB07_2024"]
[SourceDate "2024.02.14"]
[SourceVersion "1"]
[SourceVersionDate "2024.02.14"]
[SourceQuality "1"]

1. e4 c5 2. Nf3 e6 3. d4 cxd4 4. Nxd4 Nc6 5. Nc3 Qc7 6. a3 a6 7. Be3 b5 8. Nxc6 Qxc6 9. h4 Bb7 10. Qd4 Qd6 11. 0-0-0 Qxd4 12. Bxd4 Rc8 13. h5 h6 14. Rh3 Ne7 15. f4 Nc6 16. Bf2 d6 17. Rhd3 Be7 18. Kb1 0-0 19. Be2 Rc7 20. Bb6 Rcc8 21. Bg4 b4 22. axb4 Nxb4 23. Rd4 Nc6 24. Rc4 Nb8 25. Rc7 Rxc7 26. Bxc7 Rc8 27. Bxd6 Bf6 28. e5 Bh4 29. f5 exf5 30. Bxf5 Re8 31. Nd5 Nc6 32. Nc7 Rd8 33. e6 fxe6 34. Nxe6 Re8 35. Nc5 Ba8 36. Nxa6 Re2 37. g4 Bf6 38. Nc7 Bb7 39. Nd5 Bg5 40. Nc3 Rg2 41. Re1 g6 42. hxg6 Kg7 43. Ne4 Bh4 44. Rd1 Ba6 45. Ba3 Ne5 46. b3 Be2 47. Bb2 Bf6 48. Rd6 1-0

[Event "Chessable Masters Play In"]
[Site "Chess.com INT"]
[Date "2024.01.31"]
[Round "9"]
[White "Gharibyan, Mamikon"]
[Black "Matinian, Nikita"]
[Result "1-0"]
[WhiteElo "2504"]
[BlackElo "2418"]
[PlyCount "59"]
[EventDate "2024.01.31"]
[EventType "swiss (rapid)"]
[EventRounds "9"]
[EventCountry "USA"]
[SourceTitle "CB06_2024"]
[SourceDate "2024.02.07"]
[SourceVersion "1"]
[SourceVersionDate "2024.02.07"]
[SourceQuality "1"]

1. e4 c5 2. Nf3 d6 3. d4 cxd4 4. Nxd4 Nf6 5. Nc3 g6 6. Be3 Nc6 7. f3 h5 8. Bc4 Bg7 9. Nxc6 bxc6 10. e5 Nd7 11. exd6 Ne5 12. d7+ Bxd7 13. Bb3 c5 14. Bxc5 Qc7 15. Bxe7 Ng4 16. Nd5 Qe5+ 17. Qe2 Qxe2+ 18. Kxe2 Ne5 19. Rad1 Rc8 20. Rhe1 Be6 21. Ba4+ Bd7 22. Bb3 Be6 23. Bd6 Nc4 24. Nc7+ Rxc7 25. Bxc7 0-0 26. Rd8 Rxd8 27. Bxd8 Nxb2 28. Kf1 Bf5 29. Bc7 a5 30. Bxa5 1-0

[Event "Chessable Masters Play In"]
[Site "Chess.com INT"]
[Date "2024.01.31"]
[Round "7"]
[White "Matinian, Nikita"]
[Black "Frolyanov, Dmitry"]
[Result "1-0"]
[WhiteElo "2418"]
[BlackElo "2495"]
[PlyCount "197"]
[EventDate "2024.01.31"]
[EventType "swiss (rapid)"]
[EventRounds "9"]
[EventCountry "USA"]
[SourceTitle "CB06_2024"]
[SourceDate "2024.02.07"]
[SourceVersion "1"]
[SourceVersionDate "2024.02.07"]
[SourceQuality "1"]

1. e4 e5 2. Nf3 Nf6 3. Nxe5 d6 4. Nf3 Nxe4 5. Qe2 Qe7 6. d3 Nf6 7. Bg5 Qxe2+ 8. Bxe2 Be7 9. Nc3 c6 10. 0-0-0 Na6 11. Rde1 Nc7 12. h3 Ne6 13. Bd2 Bd7 14. g4 h6 15. Nh4 g6 16. f4 Nd4 17. Bd1 Kf8 18. Rhf1 Nd5 19. Nxd5 Bxh4 20. Bc3 c5 21. Re4 f5 22. Bxd4 cxd4 23. Rxd4 fxg4 24. Bxg4 Rh7 25. Bxd7 Rxd7 26. f5 Bg5+ 27. Kd1 gxf5 28. h4 Bd8 29. Rxf5+ Rf7 30. Rdf4 Rxf5 31. Rxf5+ Kg7 32. h5 Bg5 33. Nc7 Rg8 34. Ne6+ Kh8 35. Rf7 Bh4 36. Nf4 Rg1+ 37. Ke2 Bg5 38. Ng6+ Kg8 39. Rxb7 Rg2+ 40. Kf3 Rxc2 41. a4 a5 42. Kg4 Bf6 43. b3 Bd4 44. Ne7+ Kf8 45. Nf5 Bc5 46. Nxh6 Rg2+ 47. Kf5 Rh2 48. Kg6 Rg2+ 49. Kh7 Rg5 50. Rf7+ Ke8 51. Rf5 Rg3 52. Rd5 Kd7 53. Nf5 Rh3 54. d4 Ke6 55. Ne7 Bb4 56. Ng6 Bd2 57. Rb5 d5 58. Rb6+ Kf5 59. Ne7+ Ke4 60. h6 Kxd4 61. Nf5+ Kc3 62. Kg6 Bxh6 63. Nxh6 d4 64. Ng4 Kc2 65. b4 axb4 66. Rxb4 d3 67. Rc4+ Kb3 68. Rd4 d2 69. Rxd2 Kxa4 70. Kf5 Kb3 71. Ke4 Rh4 72. Rg2 Rh8 73. Ne5 Re8 74. Rg7 Kc3 75. Rc7+ Kb3 76. Kd4 Rd8+ 77. Nd7 Rh8 78. Nc5+ Kc2 79. Ne4+ Kb3 80. Nd2+ Kb2 81. Nc4+ Kb3 82. Rb7+ Kc2 83. Rb2+ Kc1 84. Rg2 Rh4+ 85. Kd3 Rh3+ 86. Ne3 Kb1 87. Re2 Kc1 88. Kc3 Kb1 89. Kb3 Kc1 90. Rc2+ Kb1 91. Rc3 Rh8 92. Rd3 Rb8+ 93. Kc3 Rc8+ 94. Nc4 Rc7 95. Rd1+ Ka2 96. Rd6 Kb1 97. Ra6 Rc8 98. Ra7 Rc6 99. Kb3 1-0

[Event "Titled Tuesday intern op 16th Jan Early"]
[Site "Chess.com INT"]
[Date "2024.01.16"]
[Round "5"]
[White "Yelisieiev, Yevhenii"]
[Black "Matinian, Nikita"]
[Result "0-1"]
[WhiteElo "2418"]
[BlackElo "2418"]
[PlyCount "126"]
[EventDate "2024.01.16"]
[EventType "swiss (blitz)"]
[EventRounds "11"]
[EventCountry "USA"]
[SourceTitle "CB04_2024"]
[SourceDate "2023.10.16"]
[SourceVersion "1"]
[SourceVersionDate "2023.10.16"]
[SourceQuality "1"]

1. d4 Nf6 2. Nf3 g6 3. g3 Bg7 4. Bg2 0-0 5. 0-0 d6 6. b3 a5 7. Bb2 a4 8. c4 Nc6 9. Nbd2 a3 10. Bc3 Bf5 11. Nh4 Bd7 12. e4 e5 13. d5 Nd4 14. Nhf3 Nh5 15. Rc1 f5 16. exf5 Bxf5 17. Nxd4 exd4 18. Ba1 Qd7 19. Ne4 Rae8 20. Ng5 d3 21. Ne6 Bxe6 22. dxe6 Qe7 23. Bxb7 Bxa1 24. Rxa1 Ng7 25. Bd5 Nxe6 26. Qxd3 Qf6 27. Rae1 Kg7 28. Bxe6 Rxe6 29. Rxe6 Qxe6 30. Qd4+ Qf6 31. Rd1 Re8 32. Qxf6+ Kxf6 33. Kf1 Re4 34. Rd5 Re5 35. Rxe5 Kxe5 36. Ke2 Kd4 37. Kd2 Ke4 38. Ke2 Kd4 39. Kd2 Ke4 40. f4 Kf3 41. b4 h5 42. Kd3 Kg2 43. Ke3 Kxh2 44. Kf2 Kh3 45. Kf3 Kh2 46. b5 Kh3 47. Kf2 Kg4 48. Kg2 h4 49. gxh4 Kxf4 50. Kh3 Kf3 51. h5 gxh5 52. Kh4 Ke4 53. Kxh5 Kd4 54. Kg5 Kxc4 55. Kf4 Kxb5 56. Ke4 Kc4 57. Ke3 d5 58. Ke2 d4 59. Kd2 d3 60. Kd1 Kc3 61. Kc1 d2+ 62. Kd1 c5 63. Ke2 Kc2 0-1

[Event "Titled Tuesday intern op 09th Jan Early"]
[Site "Chess.com INT"]
[Date "2024.01.09"]
[Round "2"]
[White "Cruz, William Ferreira Da"]
[Black "Matinian, Nikita"]
[Result "0-1"]
[WhiteElo "2216"]
[BlackElo "2418"]
[PlyCount "64"]
[EventDate "2024.01.09"]
[EventType "swiss (blitz)"]
[EventRounds "11"]
[EventCountry "USA"]
[SourceTitle "CB03_2024"]
[SourceDate "2024.01.17"]
[SourceVersion "1"]
[SourceVersionDate "2024.01.17"]
[SourceQuality "1"]

1. d4 Nf6 2. c4 g6 3. Nc3 Bg7 4. e4 d6 5. Nf3 0-0 6. Be2 e5 7. 0-0 Na6 8. Be3 Ng4 9. Bg5 Qe8 10. Rb1 exd4 11. Nxd4 Nxh2 12. Kxh2 Qe5+ 13. f4 Qxd4 14. Qxd4 Bxd4 15. Nd5 f6 16. Bh4 Kg7 17. Rfd1 c5 18. Be1 Be6 19. Nc3 Nc7 20. Bd3 Rae8 21. Ne2 Be3 22. Bd2 Bxd2 23. Rxd2 Bg4 24. Nc3 Ne6 25. Kg3 f5 26. exf5 Bxf5 27. Bxf5 Rxf5 28. Rxd6 Nxf4 29. Rd7+ Kh6 30. Rh1+ Nh5+ 31. Kh2 Re2 32. Rxb7 Rc2 0-1

[Event "Titled Tuesday intern op 09th Jan Early"]
[Site "Chess.com INT"]
[Date "2024.01.09"]
[Round "11"]
[White "Laddha, Shubh Jayesh"]
[Black "Matinian, Nikita"]
[Result "0-1"]
[WhiteElo "2324"]
[BlackElo "2418"]
[PlyCount "76"]
[EventDate "2024.01.09"]
[EventType "swiss (blitz)"]
[EventRounds "11"]
[EventCountry "USA"]
[SourceTitle "CB03_2024"]
[SourceDate "2024.01.17"]
[SourceVersion "1"]
[SourceVersionDate "2024.01.17"]
[SourceQuality "1"]

1. e4 c5 2. Nf3 e6 3. d4 cxd4 4. Nxd4 Nc6 5. Nc3 Qc7 6. Be3 a6 7. Qf3 h5 8. Nxc6 Qxc6 9. 0-0-0 b5 10. Bd3 Bb7 11. Ne2 e5 12. Nc3 Nf6 13. Bg5 Rc8 14. Rhe1 Ba3 15. Nd5 Be7 16. Nxe7 Kxe7 17. Kb1 b4 18. Qg3 d6 19. f4 Qc7 20. fxe5 dxe5 21. Rf1 Rhd8 22. Qh4 Rd6 23. Qxh5 a5 24. Bh4 Re6 25. Qg5 Kf8 26. Be1 Bxe4 27. Bxe4 Nxe4 28. Qc1 Rb6 29. Rf3 a4 30. Bg3 a3 31. Rdf1 f6 32. b3 Nc3+ 33. Ka1 Ne2 34. Qd2 Qxc2 35. Qxc2 Rxc2 36. Bxe5 Rbc6 37. Kb1 Rc1+ 38. Rxc1 Rxc1# 0-1